Toxíny v potravinách rastlinného pôvodu

Salvato in:
Dettagli Bibliografici
Autore principale: Pavčeková, Jana
Natura: Software Libro
Lingua:slovacco
Pubblicazione: Bratislava STU FCHPT 2012
Accesso online:Visualizza in OPAC
Tags: Aggiungi Tag
Nessun Tag, puoi essere il primo ad aggiungerne!!

MARC

LEADER 00000nam a2200000 a 4500
005 20260127133940.0
007 co ugu
008 120921 2012 xo 000 0 slo d
035 |a vtls010452154 
039 9 |y 201209210952  |z mschk03 
040 |a STUSCHK1  |b slo  |c STUSCHK1  |e AACR2 
100 1 |a Pavčeková, Jana 
245 1 |a Toxíny v potravinách rastlinného pôvodu  |c Jana Pavčeková 
260 |a Bratislava  |b STU FCHPT  |c 2012 
300 |a 1 elektronický disk 
500 |a Obháj.: 10.7. 2012 
500 |a Študijný program: výživa-kozmetika-ochrana zdravia 
500 |a Študijný odbor: 5.2.24 potravinárstvo 
500 |a Bakalárska práca na CD-ROMe 
500 |a FCHPT, Oddelenie výživy a hodnotenia potravín 
500 |a Evidenčné číslo: 13046-69609 
910 |a SCHK95 
999 |c 688  |d 688